=LDR 00000nam 2200000 4500 =001 NUTBA000000000001486 =005 20140429125537.0 =006 =007 =008 =020 ##$$a 979-006-279-6 =035 ##$$a 0010-041400000000756 =082 ##$$a 632.9 =090 ##$$a 632.9 Sun p =100 ##$$a Soenandar,Meidiantie =245 ##$$a Petunjuk Praktis Membuat Pestisida Organik =250 ##$$a Cet.2 =260 ##$$a Jakarta $b AgroMedia $c 2000 =300 ##$$a iv,59 hlm $b ilus $c 23 cm. =650 ##$$a Pestisida =700 ##$$a Muanis Nuraini,Ari Raharjo =850 ##$$a NBPNMAT =990 ##$$a 21195470/BPAP-NTB/2014 =990 ##$$a 21400613/BPAP-NTB/20142014